000
00319nam a22001337a 4500
008
230525b |||||||| |||| 00| 0 eng d
020
_a
9789390735594
100
_a
S. S. Srivastava
245
_a
Law of Contract I & II
260
_a
Praygraj
_b
CLA Pub.
_c
2023
300
_a
864
546
_a
English
942
_2
ddc
_c
BK
999
_c
20086
_d
20086